Сорок первый - сорок пятый (одна война или три?)

Bibliographic Details
Main Author: Попов Г. Х. Гавриил Харитонович
Summary:Автор стремится преодолеть навязанную Сталиным и сохраняющуюся до сих пор концепцию Великой Отечественной войны. Эта концепция призвана «спрятать» за Отечественной войной русского и других народов СССР против фашизма и поражение сталинского режима в первую же неделю войны, и сталинскую войну за захват других стран, и навязывание им советского государственно-бюрократического социализма. Данная книга является четвертой в серии из десяти книг Г.Х.Попова «Мне на шею кидается век-волкодав», посвященной переосмыслению советской истории XX века.
Language:Russian
Published: Москва, Международный ун-т, 2008
Series:Мне на шею кидается век-волкодав (переосмысление судеб России в XX веке) Кн. 4
Subjects:
Format: MixedMaterials Book
KOHA link:https://koha.lib.tpu.ru/cgi-bin/koha/opac-detail.pl?biblionumber=141155

MARC

LEADER 00000nam0a2200000 4500
001 141155
005 20231101220909.0
010 |a 592480044X  |b (в пер.)  |b 1500 экз. 
021 |a RU  |b 08-42653  |9 08-2356 
035 |a (RuTPU)RU\TPU\book\152998 
090 |a 141155 
100 |a 20080702d2008 km y0rusy5002 ca 
101 0 |a rus 
102 |a RU 
105 |a y z 000zy 
200 1 |a Сорок первый - сорок пятый (одна война или три?)  |f Г. Х. Попов 
210 |a Москва  |c Международный ун-т  |d 2008 
215 |a 285 с.  |d 17 см. 
225 1 |a Мне на шею кидается век-волкодав (переосмысление судеб России в XX веке)  |v Кн. 4 
330 |a Автор стремится преодолеть навязанную Сталиным и сохраняющуюся до сих пор концепцию Великой Отечественной войны. Эта концепция призвана «спрятать» за Отечественной войной русского и других народов СССР против фашизма и поражение сталинского режима в первую же неделю войны, и сталинскую войну за захват других стран, и навязывание им советского государственно-бюрократического социализма. Данная книга является четвертой в серии из десяти книг Г.Х.Попова «Мне на шею кидается век-волкодав», посвященной переосмыслению советской истории XX века. 
606 1 |a Великая Отечественная война 1941-1945  |2 stltpush  |3 (RuTPU)RU\TPU\subj\66603  |9 82654 
610 1 |a Россия 
610 1 |a история 
610 1 |a СССР 
610 1 |a 20 век 
686 |a Т3(2)622  |v LBC/SL-A  |2 rubbk 
700 1 |a Попов  |b Г. Х.  |g Гавриил Харитонович  |4 070 
801 1 |a RU  |b 63413507  |c 20080730  |g PSBO 
801 2 |a RU  |b 63413507  |c 20111017  |g PSBO 
942 |c BK 
959 |a 74/20080722  |d 1  |e 285,00  |f ЧЗГЛ:1